<?xml version="1.0" encoding="UTF-8"?>
<record
    xmlns:xsi="http://www.w3.org/2001/XMLSchema-instance"
    xsi:schemaLocation="http://www.loc.gov/MARC21/slim http://www.loc.gov/standards/marcxml/schema/MARC21slim.xsd"
    xmlns="http://www.loc.gov/MARC21/slim">

  <leader>01314nam a22002777a 4500</leader>
  <controlfield tag="003">NALT</controlfield>
  <controlfield tag="005">20250315073838.0</controlfield>
  <controlfield tag="008">      s2547    th                  tha d</controlfield>
  <datafield tag="020" ind1=" " ind2=" ">
    <subfield code="a">9749209079</subfield>
  </datafield>
  <datafield tag="040" ind1=" " ind2=" ">
    <subfield code="a">NALT</subfield>
  </datafield>
  <datafield tag="041" ind1="1" ind2=" ">
    <subfield code="a">tha</subfield>
    <subfield code="h">eng</subfield>
  </datafield>
  <datafield tag="050" ind1=" " ind2=" ">
    <subfield code="a">HD 30.28</subfield>
    <subfield code="b">&#xE04;933&#xE1A; 2547</subfield>
  </datafield>
  <datafield tag="100" ind1="0" ind2=" ">
    <subfield code="a">&#xE41;&#xE04;&#xE47;&#xE1B;&#xE41;&#xE25;&#xE19;, &#xE42;&#xE23;&#xE40;&#xE1A;&#xE34;&#xE23;&#xE4C;&#xE15; &#xE40;&#xE2D;&#xE2A;.</subfield>
  </datafield>
  <datafield tag="245" ind1="1" ind2="0">
    <subfield code="a">Balanced scorecard &#xE01;&#xE31;&#xE1A;&#xE01;&#xE32;&#xE23;&#xE40;&#xE19;&#xE49;&#xE19;&#xE01;&#xE25;&#xE22;&#xE38;&#xE17;&#xE18;&#xE4C; =</subfield>
    <subfield code="b"> Focusing your organization on strategy with the balanced scorecard /</subfield>
    <subfield code="c">Robert S. Kaplan &amp; David P. Norton ; &#xE1C;&#xE39;&#xE49;&#xE41;&#xE1B;&#xE25;&#xE41;&#xE25;&#xE30;&#xE40;&#xE23;&#xE35;&#xE22;&#xE1A;&#xE40;&#xE23;&#xE35;&#xE22;&#xE07;, &#xE1E;&#xE34;&#xE1E;&#xE31;&#xE12;&#xE19;&#xE4C; &#xE01;&#xE49;&#xE2D;&#xE07;&#xE01;&#xE34;&#xE08;&#xE01;&#xE38;&#xE25;.</subfield>
  </datafield>
  <datafield tag="260" ind1=" " ind2=" ">
    <subfield code="a">&#xE01;&#xE23;&#xE38;&#xE07;&#xE40;&#xE17;&#xE1E;&#xE2F; : </subfield>
    <subfield code="b">&#xE40;&#xE2D;&#xE47;&#xE01;&#xE0B;&#xE40;&#xE1B;&#xE2D;&#xE23;&#xE4C;&#xE40;&#xE19;&#xE47;&#xE17;, </subfield>
    <subfield code="c">2547</subfield>
  </datafield>
  <datafield tag="300" ind1=" " ind2=" ">
    <subfield code="a">136 &#xE2B;&#xE19;&#xE49;&#xE32; :</subfield>
    <subfield code="b">&#xE15;&#xE32;&#xE23;&#xE32;&#xE07; ;</subfield>
    <subfield code="c">21 &#xE0B;&#xE21;.</subfield>
  </datafield>
  <datafield tag="650" ind1=" " ind2="4">
    <subfield code="a">&#xE01;&#xE32;&#xE23;&#xE27;&#xE32;&#xE07;&#xE41;&#xE1C;&#xE19;&#xE40;&#xE0A;&#xE34;&#xE07;&#xE01;&#xE25;&#xE22;&#xE38;&#xE17;&#xE18;&#xE4C;</subfield>
    <subfield code="9">5506</subfield>
  </datafield>
  <datafield tag="650" ind1=" " ind2="0">
    <subfield code="a">&#xE01;&#xE32;&#xE23;&#xE08;&#xE31;&#xE14;&#xE01;&#xE32;&#xE23;&#xE18;&#xE38;&#xE23;&#xE01;&#xE34;&#xE08;</subfield>
    <subfield code="9">5803</subfield>
  </datafield>
  <datafield tag="700" ind1="1" ind2=" ">
    <subfield code="9">54790</subfield>
    <subfield code="a">&#xE19;&#xE2D;&#xE23;&#xE4C;&#xE15;&#xE31;&#xE19;, &#xE40;&#xE14;&#xE27;&#xE34;&#xE14; &#xE1E;&#xE35;. </subfield>
  </datafield>
  <datafield tag="700" ind1="1" ind2=" ">
    <subfield code="9">40553</subfield>
    <subfield code="a">Kaplan, Robert S. </subfield>
  </datafield>
  <datafield tag="700" ind1="1" ind2=" ">
    <subfield code="9">40554</subfield>
    <subfield code="a">Norton, David P. </subfield>
  </datafield>
  <datafield tag="700" ind1="0" ind2=" ">
    <subfield code="9">54789</subfield>
    <subfield code="a">&#xE1E;&#xE34;&#xE1E;&#xE31;&#xE12;&#xE19;&#xE4C; &#xE01;&#xE49;&#xE2D;&#xE07;&#xE01;&#xE34;&#xE08;&#xE01;&#xE38;&#xE25;</subfield>
  </datafield>
  <datafield tag="850" ind1=" " ind2=" ">
    <subfield code="a">NALT</subfield>
  </datafield>
  <datafield tag="942" ind1=" " ind2=" ">
    <subfield code="c">GB</subfield>
    <subfield code="2">lcc</subfield>
  </datafield>
  <datafield tag="998" ind1=" " ind2=" ">
    <subfield code="a">phon</subfield>
    <subfield code="b">phon</subfield>
    <subfield code="c">phon</subfield>
    <subfield code="j"></subfield>
    <subfield code="k">CRON CRON</subfield>
  </datafield>
  <datafield tag="999" ind1=" " ind2=" ">
    <subfield code="c">40303</subfield>
    <subfield code="d">40303</subfield>
  </datafield>
  <datafield tag="952" ind1=" " ind2=" ">
    <subfield code="0">0</subfield>
    <subfield code="1">0</subfield>
    <subfield code="2">lcc</subfield>
    <subfield code="4">0</subfield>
    <subfield code="7">0</subfield>
    <subfield code="8">CGBL</subfield>
    <subfield code="a">NALT</subfield>
    <subfield code="b">NALT</subfield>
    <subfield code="c">GEN</subfield>
    <subfield code="d">2021-11-14</subfield>
    <subfield code="o">HD 30.28 &#xE04;933&#xE1A; 2547</subfield>
    <subfield code="p">3961152284</subfield>
    <subfield code="r">2017-06-09 00:00:00</subfield>
    <subfield code="w">2017-06-09</subfield>
    <subfield code="y">GB</subfield>
  </datafield>
</record>
